SYSTEMATIC APPROACH TO TAXATION CONTAINING INCOME TAX & GST (Record no. 8815)

MARC details
000 -LEADER
fixed length control field 00520nam a22001817a 4500
005 - DATE AND TIME OF LATEST TRANSACTION
control field 20250911121028.0
008 - FIXED-LENGTH DATA ELEMENTS--GENERAL INFORMATION
fixed length control field 250910b |||||||| |||| 00| 0 eng d
020 ## - INTERNATIONAL STANDARD BOOK NUMBER
ISBN 978-93-49957-27-5
041 ## - LANGUAGE CODE
Language code of text/sound track or separate title eng
082 ## - DEWEY DECIMAL CLASSIFICATION NUMBER
Classification number 336.24 AHU-S
100 ## - MAIN ENTRY--AUTHOR NAME
Personal name AHUJA, DR.GIRISH AND GUPTA, DR.RAVI
245 ## - TITLE STATEMENT
Title SYSTEMATIC APPROACH TO TAXATION CONTAINING INCOME TAX & GST
250 ## - EDITION STATEMENT
Edition statement 50TH ED, 2025
260 ## - PUBLICATION, DISTRIBUTION, ETC. (IMPRINT)
Place of publication NEW DELHI
Name of publisher COMMERCIAL LAW PUBLISHERS PVT LTD
Year of publication 2025
300 ## - PHYSICAL DESCRIPTION
Number of Pages 11014;P
650 ## - SUBJECT ADDED ENTRY--TOPICAL TERM
Topical Term MANAGEMENT
942 ## - ADDED ENTRY ELEMENTS (KOHA)
Koha item type Books
Holdings
Lost status Damaged status Collection code Home library Current library Shelving location Date acquired Source of acquisition Cost, normal purchase price Full call number Accession Number Koha item type
    MANAGEMENT JRU Library JRU Library Reference Section 10/09/2025 PURCHASE 1645.00 336.24 28855 Books
    MANAGEMENT JRU Library JRU Library   10/09/2025 PURCHASE 1645.00 336.24 28856 Books